01702cam a22002531 450000100060000000300080000600500170001400800410003103500190007203500180009104000460010904100080015508200210016310000480018424501070023226000510033930000460039050506620043665000500109894200120114899900170116095201480117795201230132518061BD-RjUL20211209000231.0140219s1897 nyua 000 0 eng d a(BD-RjUL)18119 a(OCoLC)562855 aDLCcOKentUdOCoLCdMHdDLCdBD-RjULbeng aeng00a821.09bCOH 18971 aCourthope, William John,d1842-1917.95565512aA history of English poetry /cby W.J. Courthope ...nVolume II :pThe Renaissance and The Reformation aNew York ;aLondon :bMacmillan and Co.,c1897 a429p. :bfronts. (fold. tables) ;c23 cm.0 aI. The Middle Ages. Influence of the Roman Empire. The encyclopædic education of the church. The feudal system.--II. The Renaissance and the Reformation. Influence of the court and the universities.--III. The intellectual conflict of the seventeenth century. Decadent influence of the feudal monarchy. Growth of the national genius.--IV. Development and decline of the poetic drama. Influence of the court and the people.--V. The constitutional compromise of the eighteenth century. Effects of the classical renaissance, its zenith and decline. The early romantic renaissance.--VI. The romantic movement in English poetry. Effects of the French Revolution. 0aEnglish poetryxHistory and criticism.954587 2ddccBK c18061d18061 00102ddc3V-240718NFICaRUCLbRUCLcReadingd1959-06-10eBritsh Council. giftl0o821.09 COH 1897r2014-02-19 00:00:00tC-1w2021-12-09yBK 00102ddc40708NFICaRUCLbRUCLcStackd2020-01-14l0o821.09 COH 1895 V-1r2020-01-14 00:00:00tC-1w2020-01-14yBK